Southville International School and Colleges
Your cart is empty.
  • Cart
  • Lists
    Public lists Eva Luna New books Lux_list list_1
    Your lists Log in to create your own lists
  • Log in to your account
  • Your cookies
  • Search history
Southville International School and Colleges
  • Advanced search
  • Recent comments
  • Most popular
  • Libraries

Log in to your account

Log in with GOOGLE


If you do not have an external account, but do have a local account, you can still log in:

  1. Home
  2. MARC view: Pocket guide to flags /
Normal view MARC view ISBD view

Pocket guide to flags / (Record no. 363281)

[ view plain ]
MARC details
000 -LEADER
fixed length control field 00613nam a2200229Ia 4500
008 - FIXED-LENGTH DATA ELEMENTS--GENERAL INFORMATION
fixed length control field 200601s9999 xx 000 0 und d
020 ## - INTERNATIONAL STANDARD BOOK NUMBER
International Standard Book Number 1-84509-288-0
050 ## - LIBRARY OF CONGRESS CALL NUMBER
Classification number REF CR 101
050 ## - LIBRARY OF CONGRESS CALL NUMBER
Item number .C67 2006
100 ## - MAIN ENTRY--PERSONAL NAME
Personal name Constantino, Maria.
245 #0 - TITLE STATEMENT
Title Pocket guide to flags /
245 #0 - TITLE STATEMENT
Statement of responsibility, etc Maria Constantino.
260 ## - PUBLICATION, DISTRIBUTION, ETC. (IMPRINT)
Place of publication, distribution, etc Thailand :
260 ## - PUBLICATION, DISTRIBUTION, ETC. (IMPRINT)
Name of publisher, distributor, etc Silverdale Books,
260 ## - PUBLICATION, DISTRIBUTION, ETC. (IMPRINT)
Date of publication, distribution, etc 2006
300 ## - PHYSICAL DESCRIPTION
Extent 240 pages :
300 ## - PHYSICAL DESCRIPTION
Other physical details illustrations ;
300 ## - PHYSICAL DESCRIPTION
Dimensions 17 cm.
500 ## - GENERAL NOTE
General note Include index.
650 ## - SUBJECT ADDED ENTRY--TOPICAL TERM
Topical term or geographic name as entry element Flags -- Handbooks, manuals, etc.
650 ## - SUBJECT ADDED ENTRY--TOPICAL TERM
General subdivision Emblems, National -- Handbooks, manualsm etc.
Holdings
Withdrawn status Lost status Damaged status Home library Current library Shelving location Date acquired Cost, normal purchase price Total Checkouts Full call number Barcode Date last seen Price effective from Koha item type
      South Mansfield College South Mansfield College Reference Section 06/01/2020 300.00   REF CR 101 .C67 2006 SMC03494 06/01/2020 06/01/2020  

Pocket guide to flags /

APA

Constantino M., .Pocket guide to flags. Thailand: .

Chicago

Constantino Maria, .Pocket guide to flags. Thailand: .

Harvard

Constantino M., .Pocket guide to flags. Thailand: .

MLA

Constantino Maria, .Thailand: . .

  • Place hold
  • Print
  • Cite
  • Add to your cart (remove)
  • Save record
    BIBTEX Dublin Core MARCXML MARC (non-Unicode/MARC-8) MARC (Unicode/UTF-8) MARC (Unicode/UTF-8, Standard) MODS (XML) RIS
  • More searches
    Search for this title in:
    Other Libraries (WorldCat) Other Databases (Google Scholar) Online Stores (Bookfinder.com) Open Library (openlibrary.org)

Exporting to Dublin Core...

SOUTHVILLE LIBRARY

Southville International School and Colleges Library

1281 Tropical Ave. Cor. Luxembourg St., BF Homes International, Las Pinas City

Tel. No. 8256374 / 252358 Loc. 117/146

Powered by Koha